<?xml version="1.0" encoding="UTF-8"?><?xml-stylesheet type="text/xsl" href="static/style.xsl"?><OAI-PMH xmlns="http://www.openarchives.org/OAI/2.0/" xmlns:xsi="http://www.w3.org/2001/XMLSchema-instance" xsi:schemaLocation="http://www.openarchives.org/OAI/2.0/ http://www.openarchives.org/OAI/2.0/OAI-PMH.xsd"><responseDate>2026-06-07T05:34:16Z</responseDate><request verb="GetRecord" identifier="oai:riuma.uma.es:10630/11811" metadataPrefix="marc">https://riuma.uma.es/rest/oai/request</request><GetRecord><record><header><identifier>oai:riuma.uma.es:10630/11811</identifier><datestamp>2026-02-03T12:26:30Z</datestamp><setSpec>com_10630_2254</setSpec><setSpec>col_10630_37959</setSpec></header><metadata><record xmlns="http://www.loc.gov/MARC21/slim" xmlns:dcterms="http://purl.org/dc/terms/" xmlns:doc="http://www.lyncode.com/xoai" xmlns:xsi="http://www.w3.org/2001/XMLSchema-instance" xsi:schemaLocation="http://www.loc.gov/MARC21/slim http://www.loc.gov/standards/marcxml/schema/MARC21slim.xsd">
   <leader>00925njm 22002777a 4500</leader>
   <datafield ind2=" " ind1=" " tag="042">
      <subfield code="a">dc</subfield>
   </datafield>
   <datafield ind2=" " ind1=" " tag="720">
      <subfield code="a">Antón Cortés, Rocío</subfield>
      <subfield code="e">author</subfield>
   </datafield>
   <datafield ind2=" " ind1=" " tag="260">
      <subfield code="c">2016-07-12</subfield>
   </datafield>
   <datafield ind2=" " ind1=" " tag="520">
      <subfield code="a">La biblioteca es una excelente herramienta educativa, pero no basta con que funcione bien, sino que hay que darla a conocer a la comunidad escolar por todos los medios posibles. Los responsables de la biblioteca escolar deben procurar que sea cada vez más visible, conocida, abierta y participativa. Para empezar, resulta esencial una adecuada señalización externa e interna, así como una sólida presencia virtual. Otro factor determinante para publicitar nuestra biblioteca escolar es sacar todo el partido posible a los puntos de interés más habituales, como son las celebraciones o efemérides, novedades, selecciones temáticas, autores o libros destacados, premios literarios y temas locales. Para que la biblioteca escolar sea participativa, debemos formar a los usuarios para que sean autónomos y conozcan bien el espacio, los fondos, la organización, las normas y las actividades. Toda la comunidad educativa debe participar (profesorado y familia) y para ellos podemos proponer actividades iniciales (creación de la biblioteca), actividades lectoras (como clubes de lectura, cuentacuentos, escritura creativa, encuentros con autor), actividades formativas (proyectos documentales, derechos de autor, talleres) y otras actividades (como concursos, mercados, exposiciones, etc.).</subfield>
   </datafield>
   <datafield ind1="8" ind2=" " tag="024">
      <subfield code="a">http://hdl.handle.net/10630/11811</subfield>
   </datafield>
   <datafield tag="653" ind2=" " ind1=" ">
      <subfield code="a">Bibliotecas escolares</subfield>
   </datafield>
   <datafield ind2="0" ind1="0" tag="245">
      <subfield code="a">Biblioviva: la dinamización de la biblioteca escolar</subfield>
   </datafield>
</record>
</metadata></record></GetRecord></OAI-PMH>